| 000 | 00539nam a22001817a 4500 | ||
|---|---|---|---|
| 999 |
_c26619 _d26619 |
||
| 003 | BDDh-ASL | ||
| 005 | 20231015030650.0 | ||
| 008 | 211015s1964 p ||||| |||| 00| 0 u d | ||
| 040 |
_aBDDh-ASL _cBDDh-ASL |
||
| 082 |
_a920.913 _bKHA |
||
| 100 | 1 |
_94126 _aKhan, Syed Ahmad |
|
| 245 | 1 | 0 | _aAl Arab was Siratul Muhammadiya : / العرب و السيرۃ المحمديہ |
| 260 |
_aKarachi : _bNafees Academy , _c1964. |
||
| 300 |
_a520 p. : _c25 cm. |
||
| 650 | 0 |
_91339 _aBiography |
|
| 650 | 0 |
_92676 _aGeography |
|
| 942 |
_2ddc _cBK |
||